Sports Quiz

Random Sports Quiz
Score 0/8 Timer 10:00
0 Plays Today
Hint Answer % Correct
beat the spursheat
86.8%
beat the bravesyankees
85.5%
won second last title at super bowl 39patriots
76.3%
beat the capitalsredwings
60.5%
could win three peatalabama
50%
also won football championship the same yearflorida
36.8%
beat north dakotadenver
11.8%
beat floridasouth carolina
7.9%
Remove Ads.
Support Sporcle.
Get the best of Sporcle when you Go Orange. This ad-free experience offers more features, more stats, and more fun while also helping to support Sporcle. Thank you for becoming a member.

You're not logged in!

Compare scores with friends on all Sporcle quizzes.
OR
Log In

Show Comments

Extras

Created Oct 15, 2013ReportNominate
Tags:four, team

Top Quizzes Today


Score Distribution

Your Account Isn't Verified!

In order to create a playlist on Sporcle, you need to verify the email address you used during registration. Go to your Sporcle Settings to finish the process.

Report this User

Report this user for behavior that violates our Community Guidelines.

Details: